|
|
|
|
| LEADER |
00000cam a22000004a 4500 |
| 001 |
musev2_20355 |
| 003 |
MdBmJHUP |
| 005 |
20230905042157.0 |
| 006 |
m o d |
| 007 |
cr||||||||nn|n |
| 008 |
910802s1991 quc o 00 0 fre d |
| 020 |
|
|
|a 9782760523104
|
| 020 |
|
|
|z 9782760506299
|
| 035 |
|
|
|a (OCoLC)417078994
|
| 040 |
|
|
|a MdBmJHUP
|c MdBmJHUP
|
| 100 |
1 |
|
|a Nguyen, Vinh de,
|d 1939-
|
| 245 |
1 |
3 |
|a Le problème de l'homme chez Jean-Jacques Rousseau /
|c Nguyen Vinh-De.
|
| 264 |
|
1 |
|a Sillery [Que.] :
|b Presses de l'Universite du Quebec,
|c 1991.
|
| 264 |
|
3 |
|a Baltimore, Md. :
|b Project MUSE,
|c 2013
|
| 264 |
|
4 |
|c ©1991.
|
| 300 |
|
|
|a 1 online resource (278 pages).
|
| 336 |
|
|
|a text
|b txt
|2 rdacontent
|
| 337 |
|
|
|a computer
|b c
|2 rdamedia
|
| 338 |
|
|
|a online resource
|b cr
|2 rdacarrier
|
| 500 |
|
|
|a Presente à l'origine comme these (de doctorat de l'auteur--Universite d'Ottawa) sous le titre: L'anthropologie de Rousseau.
|
| 505 |
0 |
|
|a LE PROBLÈME DE L'HOMME CHEZ JEAN-JACQUES ROUSSEAU; Remerciements; Preface; Table des matieres; Introduction; Chapitre 1_Les principes fondamentaux de l'anthropologie rousseauiste; Chapitre 2_L'etude de la nature humaine dans le Discour sur l'inegalite; Chapitre 3_L'etude de la nature humaine dans l'Émile; Chapitre 4_L.etude de la nature humaine dans La Profession de foi du Vicaire savoyard; Chapitre 5_La denaturation; Chapitre 6_Le citoyen; Conclusion; Bibliographie
|
| 520 |
|
|
|a Étude faite selon trois perspectives differentes soit : celle du Discours sur l'Inegalite, de l'Émile et de la Profession de foi du vicaire savoyard. L'auteur montre un Jean-Jacques Rousseau fidele aux principes de liberte et de bonte naturelle dont l'oeuvre ne se comprend que par son anthropologie. Un ouvrage s'adressant aux dixhuitiemistes et à ceux qui reconnaissent l'influence marquante de l'ecrivain genevois.
|
| 546 |
|
|
|a French.
|
| 588 |
|
|
|a Description based on print version record.
|
| 600 |
1 |
7 |
|a Rousseau, Jean-Jacques,
|d 1712-1778.
|2 fast
|0 (OCoLC)fst00030449
|
| 600 |
1 |
6 |
|a Rousseau, Jean-Jacques,
|d 1712-1778
|x Critique et interpretation.
|
| 600 |
1 |
0 |
|a Rousseau, Jean-Jacques,
|d 1712-1778
|x Contributions in philosophical anthropology.
|
| 650 |
|
7 |
|a Philosophical anthropology.
|2 fast
|0 (OCoLC)fst01060766
|
| 650 |
|
7 |
|a PHILOSOPHY / General
|2 bisacsh
|
| 650 |
|
7 |
|a LITERARY CRITICISM
|x European
|x French.
|2 bisacsh
|
| 650 |
|
6 |
|a Anthropologie philosophique
|x Histoire
|y 18e siecle.
|
| 650 |
|
0 |
|a Philosophical anthropology
|x History
|y 18th century.
|
| 655 |
|
7 |
|a History.
|2 fast
|0 (OCoLC)fst01411628
|
| 655 |
|
6 |
|a Livres electronique.
|
| 655 |
|
0 |
|a Livres electronique.
|
| 655 |
|
7 |
|a Electronic books.
|2 local
|
| 700 |
1 |
|
|a Nguyen, Vinh de,
|d 1939-
|t Anthropologie de Rousseau.
|
| 710 |
2 |
|
|a Project Muse.
|e distributor
|
| 830 |
|
0 |
|a Book collections on Project MUSE.
|
| 856 |
4 |
0 |
|z Texto completo
|u https://projectmuse.uam.elogim.com/book/20355/
|
| 945 |
|
|
|a Project MUSE - Custom Collection
|
| 945 |
|
|
|a Project MUSE - Archive Complete Supplement
|
| 945 |
|
|
|a Project MUSE - Archive Philosophy and Religion Supplement
|